Detalles MARC
| 000 -CABECERA |
| campo de control de longitud fija |
00907nam a2200253 a 4500 |
| 001 - NÚMERO DE CONTROL |
| campo de control |
000038962 |
| 005 - FECHA Y HORA DE LA ÚLTIMA TRANSACCIÓN |
| campo de control |
20240305091221.0 |
| 008 - DATOS DE LONGITUD FIJA--INFORMACIÓN GENERAL |
| campo de control de longitud fija |
100913s2007 dr 000 0 spa d |
| 020 ## - NÚMERO INTERNACIONAL ESTÁNDAR DEL LIBRO |
| Número Internacional Estándar del Libro |
9993433470 |
| 040 ## - FUENTE DE LA CATALOGACIÓN |
| Centro catalogador/agencia de origen |
DO-SdBNP |
| Lengua de catalogación |
spa |
| Centro/agencia transcriptor |
BNPHU |
| 082 ## - NÚMERO DE LA CLASIFICACIÓN DECIMAL DEWEY |
| Número de clasificación |
641.597293 |
| Número de documento/Ítem |
N714o, 2007 |
| 100 1# - ENTRADA PRINCIPAL--NOMBRE DE PERSONA |
| Nombre de persona |
Nina, Juan B., |
| Fechas asociadas al nombre |
1959- |
| Forma completa/desarrollada del nombre |
(Juan Bautista) |
| 9 (RLIN) |
9246 |
| 245 13 - MENCIÓN DE TÍTULO |
| Título |
El origen de la cocina dominicana : |
| Resto del título |
recetas e historia / |
| Mención de responsabilidad, etc. |
Juan B. Nina. |
| 246 14 - FORMA VARIANTE DE TÍTULO |
| Título propio/Titulo breve |
El origen de la cocina dominicana : |
| Resto del título |
recetas típicas dominicanas, historia |
| 250 ## - MENCIÓN DE EDICIÓN |
| Mención de edición |
3a. ed. ampliada |
| 260 ## - PUBLICACIÓN, DISTRIBUCIÓN, ETC. |
| Lugar de publicación, distribución, etc. |
Santo Domingo : |
| Nombre del editor, distribuidor, etc. |
Madiabyte, |
| Fecha de publicación, distribución, etc. |
2007. |
| 300 ## - DESCRIPCIÓN FÍSICA |
| Extensión |
267 p. ; |
| Dimensiones |
21 cm. |
| 500 ## - NOTA GENERAL |
| Nota general |
Incluye datos biográficos del autor en las solapas |
| 504 ## - NOTA DE BIBLIOGRAFÍA, ETC. |
| Nota de bibliografía, etc. |
Bibliografía : p. 265-267 |
| 590 ## - NOTA LOCAL (RLIN) |
| Nota local |
Inventariado, 2019/MFF |
| 650 #4 - PUNTO DE ACCESO ADICIONAL DE MATERIA--TÉRMINO DE MATERIA |
| Término de materia o nombre geográfico como elemento de entrada |
Cocina dominicana |
| 9 (RLIN) |
192 |
| 650 #4 - PUNTO DE ACCESO ADICIONAL DE MATERIA--TÉRMINO DE MATERIA |
| Término de materia o nombre geográfico como elemento de entrada |
Preparación de alimentos |
| 9 (RLIN) |
193 |
| 910 ## - DATOS DE OPCIÓN DEL USUARIO (OCLC) |
| Datos de opción del usuario |
Validado. Control de calidad MFF |